| 000 | 00654nam a2200181 a 4500 | ||
|---|---|---|---|
| 005 | 20260319064213.0 | ||
| 008 | 040913s1998 mx r 000 0 spa d | ||
| 035 | _aUPN01000134704 | ||
| 049 | _aCG | ||
| 050 | 4 |
_aLB1719 M6 _bG9.5 |
|
| 245 | 0 | 0 |
_aGuía para orientar el examen del factor preparación profesional, primera vertiente, primer ciclo : _bpromoción 1998-1999 / _cManuel Quiles Cruz ... [et al.] |
| 260 |
_aMéxico : _bTrabajos Manuales Escolares, _c1998. |
||
| 300 | _a164 p. | ||
| 650 | 4 |
_aMaestros _xFormación profesional _9804 |
|
| 650 | 4 |
_aEvaluación del docente _95198 |
|
| 700 | 1 |
_aQuiles Cruz, Manuel _ecoaut. _929588 |
|
| 905 | _aLibro | ||
| 999 |
_c106855 _d106855 |
||